| 000 | 00653nam a22001937a 4500 | ||
|---|---|---|---|
| 003 | Nust | ||
| 005 | 20241030130357.0 | ||
| 008 | 170216b xxu||||| |||| 00| 0 eng d | ||
| 040 | _cNust-MCE | ||
| 082 | _a200 | ||
| 100 |
_aArif Ehsan _951002 |
||
| 245 |
_aRisk management framework for load reconstruction projects in disaster affected mountains areas A case study of Pakistan/ _cArif Ehsan |
||
| 260 |
_aRisalpur, _bMCE, _c2016. |
||
| 300 | _a72p. | ||
| 650 | _2MS-Construction Engineering and Management | ||
| 700 |
_aSupervisor: Col Mughees Aslam _9126620 |
||
| 856 | _u http://10.250.8.41:8080/xmlui/handle/123456789/45641 | ||
| 942 |
_cSC _2ddc |
||
| 999 |
_c232411 _d232411 |
||